| 000 | 00000nam##2200000za#4500 |
| 001 | 9.680931 |
| 003 | CaOODSP |
| 005 | 20200330065325 |
| 007 | ta |
| 008 | 150407|2000||||xxc||||| f|0| 0 fre|d |
| 020 | |a0-662-84118-2 |
| 040 | |aCaOODSP|bfre |
| 043 | |an-cn--- |
| 086 | 1 |aH39-517/3-1999F |
| 110 | 1 |aCanada.|bSanté Canada. |bDirection générale de la promotion et des programmes de la santé. |
| 245 | 10|aCinq minutes pour mieux communiquer : |bguide du médecin - c'est bon d'en parler |
| 260 | |aOttawa - Ontario : |bSanté Canada. |c2000. |
| 563 | |aDépliant |
| 590 | |a00-42|b2000-10-20 |
| 691 | 07|aSoins de santé|2gcpds |
| 691 | 07|aPromotion de la santé|2gcpds |
| 775 | 08|tThe 5-minute guide to better communication : |w(CaOODSP)9.647513 |
| 776 | 0#|tC'est bon d'en parler : |w(CaOODSP)9.639956 |